00550nam a2200157 a 450000100100000000500170001000800410002704000250006808200130009324500420010624600290014826000450017730000420022295201110026499900170037500003658020200930075817.0120120s1995 xx 000 0 spa d aDO-SdBNPbspacBNPHU axxxbxxx00aClaris Works :bmanual del usuario /.14aClaris :bpara Macintosh aCalifornia :bCraris Corporation,c1995. a1v. (varias paginanaciones) ;c23 cm. 001050718MOaGRbGRcHDd2012-01-20iLF1l0oxxx xxxp36580-10r2020-06-25w2020-06-25y1ZNo se presta c36071d36071